Geografía histórica de Europa /

Detalles Bibliográficos
Autor principal: Pounds, Norman J.G
Formato: Libro
Publicado: Barcelona : Crítica, 2000.
Materias:
Etiquetas: Agregar Etiqueta
Sin Etiquetas, Sea el primero en etiquetar este registro!

MARC

LEADER 00000nam a22000004a 4500
001 AR-BbUGT4275
003 AR-BbUGT
005 20181220001846.0
007 ta
008 061101t2000 |||a |0|||0| d
020 |a 84-8432-138-X 
040 |a AR-BbUGT  |b spa  |c AR-BbUGT 
082 0 4 |a 911.3 
100 1 |a Pounds, Norman J.G. 
245 1 0 |a Geografía histórica de Europa /   |c Norman J.G. Pounds. 
260 |a Barcelona :   |b Crítica,   |c 2000. 
300 |a 634 p. :   |b il. 
500 |a Indices: p. 611-621. 
504 |a Bibliografía: p. 610. 
653 |a Base física de la historia europea 
653 |a Europa en el período clásico 
653 |a Europa medieval 
653 |a Europa moderna 
653 |a Revolución industrial 
653 |a Europa en vísperas de la Primera Guerra Mundial 
942 |c BK  |h 911.3  |i P865  |2 ddc  |6 911_300000000000000_P865 
999 |c 11559  |d 11559